| 000 | 00578nam a22001697a 4500 | ||
|---|---|---|---|
| 999 |
_c18028 _d18028 |
||
| 008 | 191115b xxu||||| |||| 00| 0 eng d | ||
| 020 | _a9966746252 | ||
| 040 |
_aKABU _cKABU |
||
| 050 |
_aHD58.8 _b.K53 2019 c. 1 |
||
| 100 | _aKibicho, Paul M. | ||
| 245 |
_aThe transformative and authentic leader of 21st century _ban exceptional future can only be built on the transformation of the mess _cPaul M. Kibicho |
||
| 260 |
_aNairobi, Kenya _bPanorama _c2019 |
||
| 300 | _ax, 126 p. | ||
| 650 | _aOrganizational change | ||
| 650 | _aLeadership | ||
| 942 |
_2lcc _cBK _hHD58.8 |
||